Blade of the Immortal Volume 15: Trickster /

Kidnapped and bound by three Ittoryu warriors, Rin is unable to warn her bodyguard Manji, the immortal swordsman, that he's heading into a trap. To make matters worse, the Itto-ryu possess a large dose of kessen-satsu, the only poison known to damage Manji's blood and severely cripple his...

Full description

Bibliographic Details
Corporate Author: Library Pass, LLC
Other Authors: Samura, Hiroaki (writer.)
Format: eBook
Language:English
Published: [United States] : Dark Horse, 2019.
Subjects:
Online Access:Connect to this electronic book (First time users create your free account)

MARC

Tag First Indicator Second Indicator Subfields
LEADER 00000nmm a22000001a 4500
001 in00004625708
006 m|||||o||m||||||||
007 cr|cn |||uuuuu
008 221118s2019 xxu||||eo|||| ||||||eng d
005 20221207221300.2
035 |a (TxWaIVM)IV76271DaBl 
040 |a TxWaIVM  |c TxWaIVM 
245 0 0 |a Blade of the Immortal Volume 15: Trickster /  |c powered by Library Pass. 
260 3 |a [United States] :  |b Dark Horse,  |c 2019. 
300 |a 1 online resource. 
336 |a text  |b txt  |2 rdacontent 
337 |a computer  |b c  |2 rdamedia 
338 |a online resource  |b cr  |2 rdacarrier 
520 |a Kidnapped and bound by three Ittoryu warriors, Rin is unable to warn her bodyguard Manji, the immortal swordsman, that he's heading into a trap. To make matters worse, the Itto-ryu possess a large dose of kessen-satsu, the only poison known to damage Manji's blood and severely cripple his regenerative abilities. And is Mugai-ryu assassin Giichi following Manji in order to help rescue Rin ... or will he just stick around long enough to finish off any survivors? - "Blade of the Immortal's image of pre-modern Japan might be filled with anachronism, but it is also gifted with loving detail and interesting perspective."- VOYA (Voice of Youth Advocates) 
521 |a 3 
538 |a Requires a valid library card and registration for new users. 
538 |a Mode of access: World Wide Web. 
538 |a System requirements: Flash 10.1 or higher, Windows XP and higher, Internet Explorer 7 and higher, Firefox 3.6 and higher, Google Chrome; Max OS 10.5 and higher, Safari 4 and higher. 
650 0 |a Comic books, strips, etc. 
655 7 |a Electronic books.  |2 local 
655 7 |a Comic books, strips, etc.  |2 gsafd 
650 0 |a Comic books, strips, etc. 
655 7 |a Comic books, strips, etc.  |2 gsafd 
650 0 |a Comic books, strips, etc. --Martial arts fiction 
655 7 |a Comic books, strips, etc. --Martial arts fiction  |2 gsafd 
650 0 |a Fantasy comic books, strips, etc. 
655 7 |a Fantasy comic books, strips, etc.  |2 gsafd 
650 0 |a Seinen 
655 7 |a Seinen  |2 gsafd 
700 1 |a Samura, Hiroaki.  |e writer. 
700 1 |a Samura, Hiroaki.  |e artist. 
710 2 |a Library Pass, LLC. 
856 4 0 |u http://proxy.library.tamu.edu/login?url=https://tamu.librarypass.com/product/com.iversecomics.dark.horse.blade.of.the.immortal.volume.15.trickster.english.02192019  |z Connect to this electronic book (First time users create your free account)  |t 0 
955 |a Comics Plus. 
999 f f |s c357c462-5ff2-40aa-8c62-f85e161a6aeb  |i 37ee2f88-90b2-452d-be04-b697e5d0ec61  |t 0 
952 f f |a Texas A&M University  |b College Station  |c Electronic Resources  |d Available Online  |t 0  |h Library of Congress classification 
998 f f |t 0  |l Available Online